| 000 | 00638nam a22002057a 4500 | ||
|---|---|---|---|
| 999 |
_c21216 _d21216 |
||
| 003 | AR-CdUCM | ||
| 008 | 190307b ||||| |||| 00| 0 spa d | ||
| 020 | _a9786120034187 | ||
| 040 |
_aMUNICIPALIDAD PROVINCIAL DEL CUSCO _cBIBLIOTECA MUNICIPAL DEL CUSCO |
||
| 082 |
_a869.56 / V40 _bV40 |
||
| 100 |
_aVelásquez Iwaki, Oscar Carlos _944305 |
||
| 245 | _aOrdenamiento de la ocultación / | ||
| 260 |
_aCusco : _bQuisakuro ; _c2018. |
||
| 300 |
_a99 páginas ; _c20 cm. |
||
| 650 |
_aPoesía cusqueña _92323 |
||
| 650 |
_aLiteratura cusqueña _910596 |
||
| 650 |
_aAutores cusqueños _95505 |
||
| 942 |
_2ddc _cLIBROS |
||
| 945 | _aRoel | ||